000 00277nam a22001337a 4500
008 170306b xxu||||| |||| 00| 0 eng d
020 _a9780321524041
041 _aeng
080 _29 ED
_a575
100 _a6
101 _aSHN
245 _aGENETICS
_cKLUG.C
942 _2udc
_cBK
999 _c6813
_d6813